[Event "Titled Tuesday intern op 1st May"]
[Site "Chess.com INT"]
[Date "2018.05.01"]
[Round "3"]
[White "Zhong, Xiao Kang"]
[Black "Mohamed, Abdel Aziz"]
[Result "1-0"]
[WhiteElo "2200"]
[BlackElo "1429"]
[PlyCount "67"]
[EventDate "2018.05.01"]
[EventType "swiss (blitz)"]
[EventRounds "10"]
[EventCountry "USA"]
[SourceTitle "EXT 2021"]
[Source "ChessBase"]
[SourceDate "2020.10.23"]
[SourceVersion "1"]
[SourceVersionDate "2020.10.23"]
[SourceQuality "1"]

1. e4 c5 2. Nf3 Nc6 3. Bb5 g6 4. 0-0 Nd4 5. Nxd4 cxd4 6. c3 Bg7 7. cxd4 Bxd4 8. Qa4 Bg7 9. d4 a6 10. Be2 Nf6 11. Nc3 0-0 12. Be3 d6 13. f3 Bd7 14. Qb3 b5 15. a3 Rc8 16. Rac1 Qa5 17. Nd5 Nxd5 18. Qxd5 Be6 19. Qb7 Bc4 20. Bxc4 Rxc4 21. Rxc4 bxc4 22. Qxe7 c3 23. bxc3 Qxc3 24. Bf2 Qxa3 25. e5 Rc8 26. exd6 Bf8 27. d7 Qxe7 28. dxc8Q Qe2 29. d5 Kg7 30. Qc6 a5 31. d6 Qd3 32. d7 Be7 33. Qa4 h5 34. Qd4+ 1-0

[Event "Titled Tuesday intern op 17th April"]
[Site "Chess.com INT"]
[Date "2018.04.17"]
[Round "1"]
[White "Mohamed, Abdel Aziz"]
[Black "Weetik, Vjacheslav"]
[Result "0-1"]
[WhiteElo "1429"]
[BlackElo "2423"]
[PlyCount "54"]
[EventDate "2018.04.17"]
[EventType "swiss (blitz)"]
[EventRounds "10"]
[EventCountry "USA"]
[SourceTitle "EXT 2021"]
[Source "ChessBase"]
[SourceDate "2020.10.23"]
[SourceVersion "1"]
[SourceVersionDate "2020.10.23"]
[SourceQuality "1"]

1. d4 Nf6 2. Nf3 g6 3. c4 c5 4. d5 b5 5. cxb5 a6 6. b6 Bg7 7. Nc3 0-0 8. e4 d6 9. Be2 Nbd7 10. b7 Bxb7 11. 0-0 Qc7 12. h3 e6 13. dxe6 fxe6 14. Bf4 Nxe4 15. Nxe4 Rxf4 16. Nxd6 Bd5 17. g3 Rxf3 18. Bxf3 Qxd6 19. Re1 Bd4 20. Bxd5 exd5 21. Re2 Qxg3+ 22. Kf1 Qxh3+ 23. Ke1 Ne5 24. Rxe5 Qh1+ 25. Kd2 Qxd1+ 26. Rxd1 Bxe5 27. Kc2 Rd8 0-1

[Event "Titled Tuesday intern Qual4 25th April"]
[Site "Chess.com INT"]
[Date "2017.04.25"]
[Round "4"]
[White "Mohamed, Abdel Aziz"]
[Black "Ghanbari, Rasool"]
[Result "0-1"]
[WhiteElo "1429"]
[BlackElo "2206"]
[PlyCount "62"]
[EventDate "2017.04.25"]
[EventType "swiss (blitz)"]
[EventRounds "10"]
[EventCountry "USA"]
[SourceTitle "EXT 2021"]
[Source "ChessBase"]
[SourceDate "2020.10.23"]
[SourceVersion "1"]
[SourceVersionDate "2020.10.23"]
[SourceQuality "1"]

1. d4 g6 2. c4 Bg7 3. Nf3 c5 4. d5 d6 5. Nc3 Na6 6. e4 Nc7 7. Be2 a6 8. a4 Nf6 9. e5 dxe5 10. Nxe5 Nfxd5 11. Nxf7 Bxc3+ 12. bxc3 Kxf7 13. cxd5 Qxd5 14. Bd2 Qxg2 15. Bf3 Qh3 16. Qe2 Qe6 17. Be3 Nd5 18. 0-0 Nxe3 19. fxe3 Kg7 20. Rab1 Rb8 21. a5 b5 22. axb6 Rxb6 23. Rxb6 Qxb6 24. Bd5 Rf8 25. Rxf8 Kxf8 26. c4 Qb1+ 27. Kg2 Qf5 28. Qa2 Qh3+ 29. Kg1 Qxe3+ 30. Kg2 Bh3+ 31. Kh1 Qe1# 0-1

[Event "Titled Tuesday intern Qual3 18th April"]
[Site "Chess.com INT"]
[Date "2017.04.18"]
[Round "6"]
[White "Mohamed, Abdel Aziz"]
[Black "Sochacki, Wojtek"]
[Result "0-1"]
[WhiteElo "1429"]
[BlackElo "2343"]
[PlyCount "98"]
[EventDate "2017.04.18"]
[EventType "swiss (blitz)"]
[EventRounds "10"]
[EventCountry "USA"]
[SourceTitle "EXT 2021"]
[Source "ChessBase"]
[SourceDate "2020.10.23"]
[SourceVersion "1"]
[SourceVersionDate "2020.10.23"]
[SourceQuality "1"]

1. d4 Nf6 2. c4 c5 3. d5 b5 4. cxb5 a6 5. b6 e6 6. Nc3 exd5 7. Nxd5 Nxd5 8. Qxd5 Nc6 9. Nf3 Rb8 10. e4 Be7 11. a3 0-0 12. Bd3 Rxb6 13. 0-0 Bb7 14. Qh5 Nd4 15. Nxd4 cxd4 16. e5 g6 17. Qh6 d6 18. f4 dxe5 19. fxe5 Qd5 20. Rf2 Qxe5 21. Bf4 Qd5 22. Raf1 Bf6 23. Bc7 Re6 24. Qd2 Be5 25. Bxe5 Qxe5 26. Bc4 Bd5 27. Bxd5 Qxd5 28. Rf4 d3 29. R4f3 Rd6 30. Rh3 f5 31. Rd1 Rfd8 32. Re3 Qd4 33. Kh1 R8d7 34. Rde1 Kg7 35. Rh3 h5 36. Rhe3 Qf6 37. Re8 f4 38. Rf1 g5 39. Rfe1 f3 40. R8e5 Kg6 41. gxf3 Qxf3+ 42. Kg1 Rd4 43. Re6+ Kh7 44. Re7+ Rxe7 45. Rxe7+ Kg6 46. h3 Qxh3 47. Qa5 Rg4+ 48. Kf2 Qg2+ 49. Ke3 Qe2# 0-1

[Event "Titled Tuesday intern Qual3 18th April"]
[Site "Chess.com INT"]
[Date "2017.04.18"]
[Round "4"]
[White "Sabuk, Piotr"]
[Black "Mohamed, Abdel Aziz"]
[Result "1-0"]
[WhiteElo "2365"]
[BlackElo "1429"]
[PlyCount "91"]
[EventDate "2017.04.18"]
[EventType "swiss (blitz)"]
[EventRounds "10"]
[EventCountry "USA"]
[SourceTitle "EXT 2021"]
[Source "ChessBase"]
[SourceDate "2020.10.23"]
[SourceVersion "1"]
[SourceVersionDate "2020.10.23"]
[SourceQuality "1"]

1. d4 d5 2. c4 e6 3. Nf3 Nf6 4. g3 Be7 5. Bg2 c6 6. 0-0 0-0 7. Qc2 Nbd7 8. Nbd2 Re8 9. e4 dxe4 10. Nxe4 Nxe4 11. Qxe4 Bf6 12. Rd1 Qb6 13. c5 Qc7 14. Bf4 e5 15. dxe5 Nxc5 16. exf6 Nxe4 17. Bxc7 Nxf6 18. Nd4 Bg4 19. Bf3 Bxf3 20. Nxf3 Nd5 21. Ba5 Re2 22. Rd2 Re4 23. Rd4 Re2 24. Bd2 f6 25. Re1 Rxe1+ 26. Nxe1 Re8 27. Kf1 Kf7 28. Nc2 Re7 29. Ne3 Nxe3+ 30. Bxe3 a6 31. a4 Ke8 32. h4 Re5 33. Ke2 Ke7 34. Kd3 Ra5 35. Bd2 Rf5 36. Rf4 Rd5+ 37. Rd4 Rf5 38. f4 h5 39. a5 Rb5 40. Bc3 Ke6 41. Ke4 Ke7 42. f5 Re5+ 43. Kf4 Rb5 44. Rb4 Rd5 45. Rxb7+ Kf8 46. Rb6 1-0

[Event "Titled Tuesday intern op 7th Febr"]
[Site "Chess.com INT"]
[Date "2017.02.07"]
[Round "3"]
[White "Hamitevici, Vladimir"]
[Black "Mohamed, Abdel Aziz"]
[Result "0-1"]
[WhiteElo "2481"]
[BlackElo "1429"]
[PlyCount "210"]
[EventDate "2017.02.07"]
[EventType "swiss (blitz)"]
[EventRounds "9"]
[EventCountry "USA"]
[SourceTitle "EXT 2021"]
[Source "ChessBase"]
[SourceDate "2020.10.23"]
[SourceVersion "1"]
[SourceVersionDate "2020.10.23"]
[SourceQuality "1"]

1. a3 d5 2. Nf3 c6 3. e3 Bf5 4. b4 e6 5. Bb2 h6 6. h3 Nf6 7. d3 Nbd7 8. Nbd2 a5 9. b5 cxb5 10. Nd4 b4 11. Nxf5 exf5 12. Be2 bxa3 13. Bxa3 Bxa3 14. Rxa3 b5 15. 0-0 b4 16. Ra1 0-0 17. Nf3 g6 18. Qd2 Qe7 19. Nd4 Rfc8 20. Rfc1 Ne5 21. c3 bxc3 22. Rxc3 Qb4 23. Rc2 Qxd2 24. Rxd2 Nc6 25. Nb5 Nb4 26. Bd1 Rc5 27. Nd4 Nd7 28. Nb3 Rb5 29. Nd4 Rb6 30. Ne2 Nc5 31. Nc3 Rd6 32. d4 Ne4 33. Nxe4 fxe4 34. Rb2 Rb6 35. Ba4 Rab8 36. Rab1 Kf8 37. g4 Ke7 38. Kg2 Kd6 39. f3 f5 40. fxe4 fxe4 41. Rf2 Nd3 42. Rf7 Rxb1 43. Rf6+ Ke7 44. Rxg6 R8b2+ 45. Kg3 Rg1+ 46. Kh4 Re2 47. Rxh6 Rxe3 48. Ra6 Rgg3 49. Rxa5 Rxh3+ 50. Kg5 Reg3 51. Rxd5 e3 52. Bd1 Rh1 53. Be2 Nc1 54. Bb5 Rhg1 55. Re5+ Kd6 56. Kf4 Rxg4+ 57. Kxe3 R1g3+ 58. Kf2 Nb3 59. Be2 Rg2+ 60. Kf1 R4g3 61. Bf3 Rg1+ 62. Kf2 Nxd4 63. Rd5+ Ke6 64. Rxd4 Ke5 65. Re4+ Kf5 66. Ra4 Rg8 67. Ra5+ Ke6 68. Ra6+ Kd7 69. Ra7+ Kd6 70. Ra6+ Kc5 71. Ra5+ Kb4 72. Re5 Ra1 73. Re4+ Kc5 74. Re5+ Kd6 75. Rd5+ Ke6 76. Rd3 Rf8 77. Ke3 Rf1 78. Be4 Rg1 79. Ke2 Rh8 80. Re3 Kd6 81. Rd3+ Kc5 82. Rd5+ Kc4 83. Rd7 Rh2+ 84. Kf3 Re1 85. Bd5+ Kc5 86. Kg3 Rh6 87. Bf3 Rf1 88. Rg7 Ra6 89. Rg5+ Kd4 90. Rg4+ Ke3 91. Re4+ Kd2 92. Re2+ Kd3 93. Rg2 Rf6 94. Bg4 Ke3 95. Re2+ Kd3 96. Rg2 Rg6 97. Kh4 Rh1+ 98. Kg3 Rf1 99. Kh4 Ke3 100. Kh5 Rg8 101. Kh4 Kf4 102. Rg3 Rh8+ 103. Bh5 Rh1+ 104. Rh3 Rxh3+ 105. Kxh3 Rxh5+ 0-1

[Event "Titled Tuesday intern op 7th Febr"]
[Site "Chess.com INT"]
[Date "2017.02.07"]
[Round "9"]
[White "Mohamed, Abdel Aziz"]
[Black "Eden, James"]
[Result "0-1"]
[WhiteElo "1429"]
[BlackElo "2358"]
[PlyCount "82"]
[EventDate "2017.02.07"]
[EventType "swiss (blitz)"]
[EventRounds "9"]
[EventCountry "USA"]
[SourceTitle "EXT 2021"]
[Source "ChessBase"]
[SourceDate "2020.10.23"]
[SourceVersion "1"]
[SourceVersionDate "2020.10.23"]
[SourceQuality "1"]

1. d4 d5 2. Nf3 Nf6 3. Bf4 c5 4. c3 Nc6 5. e3 Qb6 6. Qb3 c4 7. Qc2 Bf5 8. Qc1 e6 9. Be2 h6 10. 0-0 Be7 11. Nbd2 Nh5 12. Bg3 Nxg3 13. fxg3 0-0 14. e4 dxe4 15. Nxc4 Qc7 16. Nfd2 Bg5 17. Qe1 b5 18. Na3 b4 19. Nb5 Qb6 20. Nd6 Nxd4 21. Nxf5 Nf3+ 22. Kh1 Nxe1 23. Nc4 Qc5 24. Nxh6+ Bxh6 25. Raxe1 bxc3 26. bxc3 Rac8 27. Rb1 Rfd8 28. Rfe1 Bd2 29. Rf1 Bxc3 30. Rb7 Rc7 31. Rb3 Bf6 32. h3 a5 33. a4 Qd5 34. Rb5 Rxc4 35. Rxd5 exd5 36. Bxc4 dxc4 37. Rf4 c3 38. Rxe4 c2 39. Rc4 Rd1+ 40. Kh2 c1Q 41. Rxc1 Rxc1 0-1